|
|
|
|
| LEADER |
00000nab#a22000007a#4500 |
| 001 |
arbauad001854 |
| 003 |
AR-BaUAD |
| 005 |
20250711110453.0 |
| 008 |
930730|||||||||###||||||b###|0###a|spa|| |
| 040 |
|
|
|a AR-BaUAD
|c AR-BaUAD
|b spa
|
| 100 |
|
|
|a Burt, Jillian
|
| 245 |
|
|
|a Museos crecederos :
|b el Guggenheim y el Mass MoCA /
|c Jillian Burt;
|
| 300 |
0 |
|
|b il., fot., plantas, axonométricas
|
| 500 |
|
|
|a Proyecto Fundación Guggenheim, Salzburgo.
|
| 653 |
|
|
|a MUSEO GUGGENHEIM
|
| 653 |
|
|
|a WRIGHT, FRANK LLOYD
|
| 653 |
|
|
|a MUSEOS
|
| 653 |
|
|
|a MUSEOS DE ARTE
|
| 653 |
|
|
|a SALZBURGO
|
| 653 |
|
|
|a AUSTRIA
|
| 773 |
0 |
|
|t Arquitectura Viva
|g no. 16 [ene.-feb. 1991], p. 8-11
|
| 942 |
|
|
|c ARTI
|
| 952 |
|
|
|0 0
|1 0
|4 0
|7 0
|9 46774
|a AR-BAuAD
|b AR-BAuAD
|d 2025-07-11
|l 0
|p AAQA001854
|r 2025-07-11 11:04:53
|w 2025-07-11
|y ARTI
|
| 990 |
|
|
|a AQ199
|b TD
|
| 998 |
|
|
|a AAQ
|b BIBUN76
|
| 999 |
|
|
|c 26447
|d 26447
|